| 000 | 00441nam a22001337a 4500 | ||
|---|---|---|---|
| 008 | 160709b xxu||||| |||| 00| 0 eng d | ||
| 020 | _a0706979397 | ||
| 050 | _aHD 39.5 .N35 1990 | ||
| 100 |
_aNair, N. K _d1990 |
||
| 245 |
_aPurchasing and materials management / _cN.K. Nair |
||
| 260 |
_aNew Delhi : _bVikas Publishing House PVT Ltd, _c1990. |
||
| 300 |
_ax, 331p. : _bill; _c21cm. |
||
| 942 |
_2lcc _cBOOKS _hHD 39.5 .N35 1990 _04 |
||
| 999 |
_c11456 _d11456 |
||